Anjeel barnabas = انجیل برناباس / (Record no. 89355)
[ view plain ]
| 000 -LEADER | |
|---|---|
| fixed length control field | 00441nam a22001337a 4500 |
| 005 - DATE AND TIME OF LATEST TRANSACTION | |
| control field | 20161222090411.0 |
| 008 - FIXED-LENGTH DATA ELEMENTS--GENERAL INFORMATION | |
| fixed length control field | 161222b xxu||||| |||| 00| 0 eng d |
| 040 ## - CATALOGING SOURCE | |
| Transcribing agency | PK-LaUMT |
| 082 ## - DEWEY DECIMAL CLASSIFICATION NUMBER | |
| Classification number | 220 |
| Item number | ANJ- |
| 245 ## - TITLE STATEMENT | |
| Title | Anjeel barnabas = انجیل برناباس / |
| Statement of responsibility, etc | translated by Muhammad Haleem Ansari =مترجم محمد حلیم انصاری |
| 260 ## - PUBLICATION, DISTRIBUTION, ETC. (IMPRINT) | |
| Place of publication, distribution, etc | لاہور: |
| Name of publisher, distributor, etc | ٰادارہ اسلامیات، |
| Date of publication, distribution, etc | 2003 |
| 300 ## - PHYSICAL DESCRIPTION | |
| Extent | 434 p. |
| 942 ## - ADDED ENTRY ELEMENTS (KOHA) | |
| Koha item type | Books |
| Withdrawn status | Lost status | Damaged status | Home library | Current library | Date acquired | Full call number | Barcode | Date last seen | Price effective from | Koha item type |
|---|---|---|---|---|---|---|---|---|---|---|
| UMT Main Campus | UMT Main Campus | 2016-12-22 | 220 ANJ- | 103549 | 2022-08-26 | 2016-12-22 | Books |
